000 01310cam a22003011 4500
001 hauntedwoman00frie
003 CaSfIA
005 20210118095344.0
007 cr||||
008 710201s1968 nyu 000 1 eng
010 _a 68025765
040 _aDLC
_cDLC
_dBTCTA
_dOCLCG
_dCaSfIA
035 _a(OCoLC)443969
050 0 0 _aPZ4.F8989
_bHau
_aPS3556.R564
082 0 4 _a813.5
_bF8992h
100 1 _aFriedman, Sanford,
_d1928-
245 1 2 _aA haunted woman.
_h[electronic resource]
250 _a[1st ed.]
260 _aNew York,
_bDutton,
_c1968.
300 _a349 p.
_c22 cm.
776 0 8 _iOnline version:
_aFriedman, Sanford, 1928-
_tHaunted woman.
_b[1st ed.]
_dNew York, Dutton, 1968
_w(OCoLC)610435589
856 4 1 _uhttp://www.archive.org/details/hauntedwoman00frie
_zFree eBook from the Internet Archive
856 4 2 _uhttp://www.openlibrary.org/books/OL5617286M
_zAdditional information and access via Open Library
029 1 _aAU@
_b000000000296
942 _cEB
506 _fНеобхідна авторизація на https://archive.org/ (створення облікового запису безкоштовно)
506 _fНеобхідна авторизація на https://openlibrary.org/ (створення облікового запису безкоштовно)
999 _c505155
_d505155